Eugenio María de Hostos : (Registro nro. 7207)

Detalles MARC
000 -LIDER
fixed length control field 01850nam a2200481 a 4500
001 - NÚMERO DE CONTROL
Identificador de número de control 000016856
003 - IDENTIFICACDOR DE NÚMERO DE CONTROL
control field DO-SdBNP
005 - DATE AND TIME OF LATEST TRANSACTION
control field 20170922123252.0
007 - CAMPOS FIJOS DE DESCRIPCIÓN FÍSICA
fixed length control field 000016856
008 - ELEMENTOS DE LONGITUD FIJA
fixed length control field 100311s2010 dr 001 0 spa d
020 ## - ISBN
International Standard Book Number 9789993431329
040 ## - FUENTE DE CATALOGACIÓN
Agencia que crea de manera original el registro BPMSU
Idioma de catalogación spa
Agencia que realiza la transcripción BPMSU
082 04 - NÚMERO DE CLASIFICACIÓN DECIMAL DE DEWEY
Classification number 174.957
Item number H831zg
100 1# - ASIENTO PRINCIPAL -- NOMBRE PERSONAL
Nombre personal Gutiérrez Laboy, Roberto
245 10 - MENCIÓN DE TITULO
Título Eugenio María de Hostos :
Subtítulo precursor de la bioética en América Latina /
Mención de responsabilidad Roberto Gutiérrez Laboy ; prólogo Leonides Santos y Vargas.
260 ## - PUBLICACIÓN, DISTRIBUCIÓN, ETC. (PIE DE IMPRENTA)
Lugar de publicación, distribución, etc Santo Domingo :
Nombre del editor, distribuidor, etc. BNPHU,
Fecha de publicación, distribución, etc 2010.
300 ## - DESCRIPCIÓN FÍSICA
Extensión 209p.
Dimensiones 23 cm.
490 1# - MENCIÓN DE SERIES
Mención de serie Filosofía
500 ## - NOTA GENERAL
Nota general Incluye referencias bibliográficas y notas al pie de las páginas
500 ## - NOTA GENERAL
Nota general Incluye índice onomástico
500 ## - NOTA GENERAL
Nota general Incluye datos biográficos del autor en la solapa de cubierta
504 ## - NOTA DE BIBLIOGRAFÍA, ETC.
Bibliography, etc Bibliografía : p. 187-197
600 14 - ENCABEZAMIENTO DE MATERIA--NOMBRE PERSONAL
Nombre personal HOSTOS , EUGENIO MARÍA DE,
Subdivisión cronológica 1839-1933
650 #4 - ENCABEZAMIENTO DE MATERIA--TEMÁTICO
Término temático o nombre geográfico como elemento de entrada BIOÉTICA
Subdivisión geográfica AMÉRICA LATINA
Subdivisión temática general HISTORIA
700 1# - ASIENTO SECUNDARIO -- NOMBRE PERSONAL
Nombre personal Santos y Vargas, Leonides,
Mención de responsabilidad pról.
710 2# - ASIENTO SECUNDARIO -- NOMBRE CORPORATIVO
Nombre corporativo o de jurisdicción Biblioteca Nacional Pedro Henríquez Ureña
830 #0 - ASIENTO SECUNDARIO DE SERIE--TÍTULO UNIFORME
Título uniforme Filosofía
910 ## - VALIDACIÓN
Validación Validado. Control de calidad MFF
930 #1 - EQUIVALENCE OR CROSS-REFERENCE-UNIFORM TITLE HEADING [LOCAL, CANADA]
Language of a work BND01
Medium of performance for music LF1
Field link and sequence number 20100311
Date of a work 04
Name of part/section of a work HD
Miscellaneous information 11606
Medium e. 3
930 #1 - EQUIVALENCE OR CROSS-REFERENCE-UNIFORM TITLE HEADING [LOCAL, CANADA]
Language of a work BND01
Medium of performance for music LF1
Field link and sequence number 20100325
Date of a work 04
Name of part/section of a work HD
Miscellaneous information 11606
Medium e. 4
930 #1 - EQUIVALENCE OR CROSS-REFERENCE-UNIFORM TITLE HEADING [LOCAL, CANADA]
Language of a work BND01
Medium of performance for music LF1
Field link and sequence number 20100325
Date of a work 04
Name of part/section of a work HD
Miscellaneous information 11606
Medium e. 5
930 #1 - EQUIVALENCE OR CROSS-REFERENCE-UNIFORM TITLE HEADING [LOCAL, CANADA]
Language of a work BND01
Medium of performance for music LF1
Field link and sequence number 20100311
Date of a work 01
Name of part/section of a work HD
Miscellaneous information 11605
930 #1 - EQUIVALENCE OR CROSS-REFERENCE-UNIFORM TITLE HEADING [LOCAL, CANADA]
Language of a work BND01
Medium of performance for music LF1
Field link and sequence number 20100311
Date of a work 01
Name of part/section of a work HD
Miscellaneous information 11605
Medium e. 2
942 ## - ADDED ENTRY ELEMENTS (KOHA)
Source of classification or shelving scheme Dewey Decimal Classification
Koha item type Libros
945 ## - INFORMACIÓN DE PROCESAMIENTO LOCAL
Información de procesamiento local Inventariado, 2017/MFF
956 ## - LOCAL ELECTRONIC LOCATION AND ACCESS (OCLC)
Nombre de host JPARRA
Número de acceso 10
Información de compresión 20100311
Inicio de sesión BND01
Procesador de solicitud 0948
956 ## - LOCAL ELECTRONIC LOCATION AND ACCESS (OCLC)
Nombre de host JPARRA
Número de acceso 10
Información de compresión 20100311
Inicio de sesión BND01
Procesador de solicitud 0948
956 ## - LOCAL ELECTRONIC LOCATION AND ACCESS (OCLC)
Nombre de host IGARCIA
Número de acceso 10
Información de compresión 20100319
Inicio de sesión BND01
Procesador de solicitud 1420
956 ## - LOCAL ELECTRONIC LOCATION AND ACCESS (OCLC)
Nombre de host BTAVAREZ
Número de acceso 10
Información de compresión 20100325
Inicio de sesión BND01
Procesador de solicitud 1129
956 ## - LOCAL ELECTRONIC LOCATION AND ACCESS (OCLC)
Nombre de host BTAVAREZ
Número de acceso 10
Información de compresión 20100325
Inicio de sesión BND01
Procesador de solicitud 1130
956 ## - LOCAL ELECTRONIC LOCATION AND ACCESS (OCLC)
Nombre de host TMEREDITH
Número de acceso 20
Información de compresión 20100325
Inicio de sesión BND01
Procesador de solicitud 1519
956 ## - LOCAL ELECTRONIC LOCATION AND ACCESS (OCLC)
Nombre de host TMEREDITH
Número de acceso 20
Información de compresión 20110202
Inicio de sesión BND01
Procesador de solicitud 0829
Existencias
Withdrawn status Lost status Source of classification or shelving scheme Damaged status Not for loan Collection code Home library Current library Date acquired Total Checkouts Full call number Barcode Date last seen Price effective from Koha item type Copy number
    Dewey Decimal Classification     Colección Dominicana Biblioteca Pública Metropolitana Salomé Ureña Biblioteca Pública Metropolitana Salomé Ureña 12/01/2015   174.957 H831zg BPMSU15120004 12/01/2015 12/01/2015 Libros  
    Dewey Decimal Classification     Colección Dominicana Biblioteca Pública Metropolitana Salomé Ureña Biblioteca Pública Metropolitana Salomé Ureña 12/01/2015   174.957 H831zg BPMSU15120005 12/01/2015 12/01/2015 Libros ej.2
    Dewey Decimal Classification     Colección Dominicana Biblioteca Pública Metropolitana Salomé Ureña Biblioteca Pública Metropolitana Salomé Ureña 12/01/2015   174.957 H831zg BPMSU15120006 12/01/2015 12/01/2015 Libros ej. 3
    Dewey Decimal Classification     Colección Dominicana Biblioteca Pública Metropolitana Salomé Ureña Biblioteca Pública Metropolitana Salomé Ureña 12/01/2015   174.957 H831zg BPMSU15120007 12/01/2015 12/01/2015 Libros ej. 4
    Dewey Decimal Classification     Colección Dominicana Biblioteca Pública Metropolitana Salomé Ureña Biblioteca Pública Metropolitana Salomé Ureña 12/01/2015   174.957 H831zg BPMSU15120008 12/01/2015 12/01/2015 Libros ej. 5